| 000 | 02333nam0a2200433 4500 | ||
|---|---|---|---|
| 001 | RU\NLR\bibl\71884 | ||
| 005 | 20260406121545.0 | ||
| 010 |
_a5-7390-0346-6 _bОбщ. |
||
| 010 |
_a5-7390-0315-6 _bОлимп |
||
| 010 |
_a5-237-00888-7 _95000 _bАСТ |
||
| 021 |
_aRU _b1999-45183 _92227 |
||
| 035 | _a(NLR Aleph) 000070140 | ||
| 090 |
_a386374 _c386374 |
||
| 100 | _a20000223d1999 |||y0rusy50 ca | ||
| 101 | 0 | _arus | |
| 102 | _aRU | ||
| 105 | _ay ||||||||| | ||
| 200 | 1 |
_aУездное _aМы _e[Романы] _fЕ. Замятин |
|
| 210 |
_aМ. _cОлимп _aНазрань _cАСТ _d1999 |
||
| 215 |
_a605,[2] с. _d21 |
||
| 225 | 1 |
_aШкола классики _eШК _eКнига для ученика и учителя |
|
| 320 | _aБиблиогр. в конце кн. | ||
| 327 | 1 | _aВ кн. также: Критика и коммент. Темы и развернутые планы соч. Материалы для подгот. к уроку | |
| 423 | 0 |
_12001#$aКотлован$aЮвенильное море$e[Романы]$fА. Платонов$g[К кн. в целом: Сост., предисл., коммент. Н.Б. Ивановой] _1700#1$aПлатонов$bА. П.$f1899-1951$gАндрей Платонович$4070$3RU\NLR\auth\771346 _1210##$aМ.$aНазрань$d1999 _1215##$aС. 237-509 _tЮвенильное море _aПлатонов, Андрей Платонович (1899-1951) |
|
| 600 | 1 |
_aЗамятин _bЕ.И. _f1884 - 1937 _gЕвгений Иванович _xИзучение в школе _92074811 _3RU\NLR\auth\661249827 |
|
| 600 | 1 |
_aПлатонов _bА.П. _f1899 - 1951 _gАндрей Платонович _xИзучение в школе _92074812 _3RU\NLR\auth\661249828 |
|
| 686 | _aШ9(2)62=Р7-4Замятин | ||
| 686 | _aШ9(2)62=Р7-4Платонов | ||
| 686 | _aЧ426.21,6(2)317.8Замятин | ||
| 686 | _aЧ426.21,6(2)317.8Платонов | ||
| 700 | 1 |
_4070 _8rus _7ca _aЗамятин _bЕ.И. _f1884-1937 _gЕвгений Иванович _3RU\NLR\auth\77571 _9110617 |
|
| 801 | 0 |
_aRU _bNLR _c20000223 _gPSBO |
|
| 801 | 1 |
_aRU _bNLR _c20000223 |
|
| 852 |
_aNLR _j99-3/19352 |
||
| 942 | _cBOOK | ||
| 980 | _aNB | ||